| 000 | 00000nam##2200000za#4500 |
| 001 | 9.576503 |
| 003 | CaOODSP |
| 005 | 20210624185153 |
| 007 | cr ||||||||||| |
| 008 | 150406|1984||||xxc|||||o f|0| 0 eng|d |
| 040 | |aCaOODSP|beng |
| 043 | |an-cn--- |
| 086 | 1 |aFs97-13/453E-PDF |
| 110 | 1 |aCanada. |bDepartment of Fisheries and Oceans. |
| 245 | 10|aYearly catches of Pacific salmon in British Columbia, 1951 – 1982 / |h[electronic resource]|cby F.Y.C. Wong and M.A. Birch. |
| 260 | |aNanaimo - British Columbia : |bFisheries and Oceans Canada |c1984. |
| 300 | |a330p.|bfig., references, table |
| 490 | 1 |aCanadian data report of fisheries and aquatic sciences|vNo. 453 |
| 500 | |aOn t.p.: Pacific Biological Station, Nanaimo, British Columbia. Catalogue number of the print edition appears in the PDF version. |
| 546 | |a(Résumé en français) |
| 590 | |a13-14-Supp|b2013-05-30 |
| 720 | 1 |aFong, F. Y. C. |
| 720 | 1 |aBirch, M. A. |
| 830 | #0|aCanadian data report of fisheries and aquatic sciences ;|vNo. 453|w(CaOODSP)9.505124 |
| 856 | 40|ahttp://publications.gc.ca|qPDF|s2782 KB|uhttps://publications.gc.ca/collections/collection_2013/mpo-dfo/Fs97-13-453-eng.pdf|yNo. 453 |